000 01268nam a2200301 a 4500
001 BRCA_2520
005 20190320203840.0
008 251108s1862----sp-a---###---#000-0#spa-u
041 _aspa
044 _asp
084 _a150
_b.M88
_c1862
100 1 _aCervantes Saavedra, Miguel de
_d1547-1616
_9213
245 1 0 _aEl Ingenioso Hidalgo Don Quijote de la Mancha
_ccompuesto por Miguel de Cervantes Saavedra.
260 _aMadrid
_bMurcia y Martí
_c1862
300 _a2 v.
_bil.
_c19 cm.
500 _aContenido : v 1. Primera parte. Dedicatoria del autor. Prólogo del autor. Versos preliminares. Texto. -- v 2. Segunda parte. Dedicatoria del autor. Prólogo del autor. Texto
500 _aEdición : Adornado con láminas sueltas de Tony Johannot
500 _aEdición de surtido. Lomeras decoradas con filetes dorados Lúdovik Osterc
500 _aQM137
650 1 4 _aNovela española
_yÉpoca clásica, 1500-1700
_9215
650 1 4 _aLiteratura española
_yÉpoca clásica, 1500-1700
_9216
650 1 4 _aNovela española
_ySiglo XVII
_9217
650 1 4 _aDon Quijote (Personaje ficticio)
_eNovela
_9218
700 1 _aJohannot, Tony
_d1803-1852
_eIlustrador
_97243
740 0 _aEl Ingenioso Hidalgo Don Quijote de la Mancha
902 _aQFM
942 _2lcc
_cB
999 _c2261
_d2261